| 000 | 00891nam2a2200217 4500 | ||
|---|---|---|---|
| 001 | rc\2955378 | ||
| 005 | 20260315060607.0 | ||
| 035 | _a(NLR Aleph) 007102657 | ||
| 090 |
_a13603216 _c13603216 |
||
| 100 | _a20110904d1936 u y0rusy50 ca | ||
| 101 | 0 | _arus | |
| 102 | _aRU | ||
| 105 | _ay z ||||| | ||
| 200 | 0 | _a2425 | |
| 210 | _d[1936] | ||
| 461 | 0 |
_1001rc\2955377 _12000#$aТиповой проект$eРаймаг$fРазработан Сельхозстройпроектом НКЗ СССР$gЦентросоюз СССР и РСФСР. Отд. капит. строительства$v2425 _96686450 _c[Москва] _d[1936] _fРазработан Сельхозстройпроектом НКЗ СССР _nБ. и. _oРаймаг _tТиповой проект _v2425 |
|
| 801 | 0 |
_aRU _bNLR _gpsbo |
|
| 801 | 1 |
_aRU _bELAR _2rusmarc |
|
| 852 |
_aNLR _j34-20/308(2425) |
||
| 942 | _cUNSPEC | ||
| 980 | _aNB | ||